[Event "HUN-chT 9798"]
[Site "Hungary"]
[Date "1998.??.??"]
[Round "?"]
[White "Vigh, Bela"]
[Black "Dely, Peter"]
[Result "1/2-1/2"]
[WhiteElo "2390"]
[BlackElo "2410"]
[PlyCount "91"]
[EventDate "1997.??.??"]
[Source "www.chesslib.no"]
[SourceDate "2004.05.04"]

1. d4 Nf6 2. c4 e6 3. Nc3 Bb4 4. e3 O-O 5. a3 Bxc3+ 6. bxc3 c5 7. Ne2 Nc6 8. Ng3 b6 9. e4 Ne8 10. d5 Na5 11. Bd3 Qh4 12. O-O Nf6 13. h3 d6 14. Rb1 Ba6 15. Qe2 Nd7 16. Qa2 exd5 17. Rd1 Ne5 18. Bf1 dxc4 19. Rxd6 Rad8 20. Rxd8 Rxd8 21. Be3 Bb7 22. Re1 Nd3 23. Re2 Re8 24. Nf5 Qf6 25. f3 Qxc3 26. Bd2 Qf6 27. Bxa5 Nc1 28. Qxc4 Nxe2+ 29. Bxe2 bxa5 30. Qb5 Qc6 31. Qxa5 Qb6 32. Qc3 f6 33. Bc4+ Kh8 34. h4 Bc8 35. Ne3 Be6 36. h5 h6 37. Bxe6 Rxe6 38. Nd5 Qd6 39. Qc4 f5 40. Nf4 Rxe4 41. fxe4 Qxf4 42. Qxc5 Qxe4 43. Qxa7 Qe1+ 44. Kh2 Qh4+ 45. Kg1 Qe1+ 46. Kh2 1/2-1/2

[Event "Teteven Open"]
[Site "Teteven"]
[Date "1991.??.??"]
[Round "1"]
[White "Angelov, Angel"]
[Black "Sherbakov, Ruslan"]
[Result "0-1"]
[WhiteElo "2290"]
[BlackElo "2505"]
[PlyCount "74"]
[EventDate "1991.??.??"]
[Source "www.chesslib.no"]
[SourceDate "2004.05.04"]

1. d4 Nf6 2. c4 e6 3. Nc3 Bb4 4. e3 O-O 5. a3 Bxc3+ 6. bxc3 d6 7. Bd3 e5 8. Qc2 Re8 9. e4 exd4 10. cxd4 Nxe4 11. Ne2 Nf6 12. O-O Nc6 13. h3 h6 14. Be3 d5 15. c5 Ne4 16. Nc3 Bf5 17. Rae1 Bg6 18. Kh2 Nxc3 19. Qxc3 Bxd3 20. Qxd3 Qd7 21. Qb5 b6 22. cxb6 cxb6 23. g3 Ne5 24. Qxd7 Nxd7 25. Bf4 Nf6 26. Re5 Rxe5 27. dxe5 Ne4 28. Be3 Rd8 29. Rd1 Nc3 30. Rd3 Na4 31. Bd4 Nc5 32. Rd1 Ne6 33. f4 g6 34. Kg2 h5 35. Kf3 Rc8 36. Ke3 Rc4 37. g4 Ra4 0-1

[Event "Vienna Open"]
[Site "Vienna AUT"]
[Date "1995.??.??"]
[Round "8"]
[White "Vigh, Bela"]
[Black "Polak, Tomas"]
[Result "0-1"]
[WhiteElo "2370"]
[BlackElo "2420"]
[PlyCount "58"]
[EventDate "1995.??.??"]
[Source "www.chesslib.no"]
[SourceDate "2004.05.04"]

1. d4 Nf6 2. c4 e6 3. Nc3 Bb4 4. a3 Bxc3+ 5. bxc3 c5 6. e3 O-O 7. Ne2 b6 8. Ng3 Nc6 9. e4 Ba6 10. Bg5 h6 11. h4 cxd4 12. cxd4 e5 13. d5 Nd4 14. Be3 Re8 15. f3 Qc7 16. Rc1 Qc5 17. Rc3 b5 18. Nf5 bxc4 19. Kf2 Qa5 20. Bxd4 exd4 21. Qxd4 Rxe4 22. Nxh6+ Kf8 23. Qd2 gxh6 24. Qxh6+ Ke7 25. d6+ Ke6 26. fxe4 Qxc3 27. Rh3 Qd4+ 28. Re3 Rh8 29. Qf4 Qe5 0-1

[Event "Hartberg Open"]
[Site "Hartberg AUT"]
[Date "1991.??.??"]
[Round "6"]
[White "Vigh, Bela"]
[Black "Stefansson, Hannes H"]
[Result "1-0"]
[WhiteElo "2340"]
[BlackElo "2450"]
[PlyCount "97"]
[EventDate "1991.07.??"]
[Source "www.chesslib.no"]
[SourceDate "2004.05.04"]

1. d4 Nf6 2. c4 e6 3. Nc3 Bb4 4. a3 Bxc3+ 5. bxc3 O-O 6. e3 b6 7. Ne2 Ba6 8. Ng3 Nc6 9. e4 Na5 10. Bg5 h6 11. h4 d6 12. f4 hxg5 13. hxg5 g6 14. e5 dxe5 15. fxe5 Nh7 16. Qg4 Qxg5 17. Qh3 Rfe8 18. Be2 Kf8 19. Ne4 Qf5 20. Qxh7 Ke7 21. Qh4+ g5 22. Nxg5 Kd7 23. Ne4 Bxc4 24. Nf6+ Kc6 25. Bf3+ Bd5 26. O-O Bxf3 27. Nxe8 Qg4 28. Qxg4 Bxg4 29. Ng7 Kd5 30. Rxf7 c5 31. Rf4 Be2 32. Re1 Bd3 33. Nh5 Kc4 34. dxc5+ Kxc3 35. cxb6 axb6 36. Rf6 Bc4 37. Nf4 Kd2 38. Rb1 Nb3 39. Nxe6 Kc2 40. Re1 Kd2 41. Kf2 Bd3 42. Nf4 Nc5 43. Rxb6 Ne4+ 44. Rxe4 Bxe4 45. Rd6+ Kc3 46. e6 Re8 47. Ke3 Bf5 48. a4 Kb4 49. a5 1-0

[Event "Yerevan ol (Men)"]
[Site "Yerevan"]
[Date "1996.??.??"]
[Round "9"]
[White "Curi, Gabriel"]
[Black "Atlas, Valeri"]
[Result "1-0"]
[WhiteElo "2310"]
[BlackElo "2470"]
[PlyCount "139"]
[EventDate "1996.09.??"]
[Source "www.chesslib.no"]
[SourceDate "2004.05.04"]

1. d4 Nf6 2. c4 e6 3. Nc3 Bb4 4. e3 O-O 5. a3 Bxc3+ 6. bxc3 b6 7. Bd3 Bb7 8. f3 d5 9. Ne2 Ba6 10. cxd5 Bxd3 11. Qxd3 exd5 12. O-O Re8 13. Ng3 Nbd7 14. Bb2 h5 15. Rae1 g6 16. Nh1 h4 17. Qd2 Nf8 18. Nf2 Nh5 19. e4 Ne6 20. c4 Nef4 21. Nd3 Nxd3 22. Qxd3 c6 23. Bc1 Qf6 24. cxd5 cxd5 25. exd5 Qd6 26. Qb5 Rec8 27. Bg5 a6 28. Qb3 h3 29. gxh3 Nf4 30. Bxf4 Qxf4 31. Qe3 Qxe3+ 32. Rxe3 Rd8 33. Re5 Rac8 34. Rb1 Rd6 35. Kf2 Rc3 36. Re3 Rc4 37. Rb4 Rc2+ 38. Kg3 a5 39. Rb5 Kg7 40. Kf4 Kf6 41. Reb3 Ke7 42. Rxb6 Rxd5 43. Ke4 Rh5 44. R3b5 Rxh3 45. Rxa5 Re2+ 46. Kd3 Rf2 47. Ra7+ Kf8 48. Rf6 Rhxf3+ 49. Rxf3 Rxf3+ 50. Ke4 Rh3 51. a4 Rxh2 52. a5 Rh4+ 53. Ke5 Rh5+ 54. Ke4 Rh4+ 55. Kd3 g5 56. a6 g4 57. Rb7 Rh3+ 58. Ke2 Ra3 59. a7 Kg7 60. d5 Ra2+ 61. Kf1 Kf6 62. d6 Ra1+ 63. Kg2 Ra2+ 64. Kg3 Kf5 65. d7 Ra3+ 66. Kg2 Ra2+ 67. Kf1 Ra1+ 68. Ke2 Ra2+ 69. Kd3 Ra1 70. Kc2 1-0

[Event "Augsburg"]
[Site "Augsburg GER"]
[Date "1986.??.??"]
[Round "?"]
[White "Deze, Anton"]
[Black "Gobet, Fernand"]
[Result "1-0"]
[WhiteElo "2420"]
[BlackElo "2360"]
[PlyCount "68"]
[EventDate "1986.??.??"]
[Source "www.chesslib.no"]
[SourceDate "2004.05.04"]

1. d4 Nf6 2. c4 e6 3. Nc3 Bb4 4. e3 O-O 5. a3 Bxc3+ 6. bxc3 b6 7. Bd3 Bb7 8. f3 d5 9. cxd5 exd5 10. Ne2 Re8 11. O-O c5 12. Ng3 Ba6 13. Ra2 Bxd3 14. Qxd3 Nbd7 15. Raf2 Rc8 16. Qf5 cxd4 17. cxd4 Nf8 18. e4 g6 19. Qf4 Ne6 20. Qd2 dxe4 21. fxe4 Ng4 22. Rxf7 Nxd4 23. Qa2 Re6 24. R7f4 Qh4 25. h3 Rxc1 26. Rxg4 Qh6 27. Qd5 Qe3+ 28. Kh2 Rxf1 29. Nxf1 Qf2 30. e5 Nf3+ 31. Qxf3 Qxf3 32. gxf3 Rxe5 33. Re4 Rb5 34. Kg3 Rb3 1-0

[Event "Cala Millor (1er tournoi)"]
[Site "?"]
[Date "2004.12.15"]
[Round "3.5"]
[White "Eriksson Jonas"]
[Black "Campos Moreno Javier B"]
[Result "0-1"]
[WhiteElo "2292"]
[BlackElo "2476"]
[PlyCount "94"]
[EventDate "2004.??.??"]
[Source "www.chesslib.no"]
[SourceDate "2004.05.04"]

1. d4 Nf6 2. c4 e6 3. Nc3 Bb4 4. e3 O-O 5. a3 Bxc3+ 6. bxc3 d6 7. Nf3 c5 8. Bd3 Nc6 9. e4 Qa5 10. Bd2 e5 11. d5 Ne7 12. h3 Ng6 13. g3 Bd7 14. a4 h6 15. Qc1 Nh7 16. g4 Qd8 17. g5 hxg5 18. Nxg5 Nxg5 19. Bxg5 f6 20. Be3 f5 21. Bg5 Qe8 22. Qc2 Nf4 23. Bxf4 fxe4 24. Bxe4 Rxf4 25. f3 Qf7 26. Rg1 Bf5 27. Bxf5 Rxf5 28. O-O-O Rxf3 29. Rg4 Rf8 30. Rh4 Qf5 31. Qxf5 R8xf5 32. Kc2 Rg5 33. Rg4 Rxg4 34. hxg4 Rg3 35. a5 Rxg4 36. Rb1 b6 37. axb6 axb6 38. Rxb6 Rg6 39. Rb8+ Kh7 40. Re8 Rf6 41. Kd3 g5 42. Ke4 g4 43. Re6 Rxe6 44. dxe6 Kg7 45. Kd5 Kf8 46. Kxd6 Ke8 47. e7 g3 0-1

[Event "Allsvenskan"]
[Site "Allsvenskan"]
[Date "1993.??.??"]
[Round "?"]
[White "Eriksson, Johan"]
[Black "Wiedenkeller, Michael"]
[Result "0-1"]
[WhiteElo "2305"]
[BlackElo "2450"]
[PlyCount "82"]
[EventDate "1993.??.??"]
[Source "www.chesslib.no"]
[SourceDate "2004.05.04"]

1. d4 Nf6 2. c4 e6 3. Nc3 Bb4 4. e3 O-O 5. a3 Bxc3+ 6. bxc3 Ne4 7. Bd3 f5 8. Ne2 b6 9. f3 Nd6 10. Ng3 Ba6 11. Qe2 Nc6 12. a4 Na5 13. c5 Bxd3 14. Qxd3 bxc5 15. dxc5 Ndb7 16. Ba3 Nb3 17. Rb1 N3xc5 18. Qd4 d6 19. O-O Qe8 20. Rf2 Qc6 21. Rfb2 Rf7 22. Qc4 Na5 23. Qb5 Qxb5 24. Rxb5 Nc6 25. Bxc5 a6 26. R5b4 Nxb4 27. Bxb4 Rb8 28. Rd1 a5 29. Bxa5 Ra8 30. Bb4 Rxa4 31. e4 f4 32. Ne2 c5 33. Rxd6 cxb4 34. cxb4 e5 35. h4 Rc7 36. Rd2 Rxb4 37. Kh2 Rbc4 38. Kh3 Rc2 39. Rxc2 Rxc2 40. Ng1 Kf7 41. Kh2 Kg6 0-1

[Event "Clarin-B"]
[Site "Buenos Aires ARG"]
[Date "1978.??.??"]
[Round "4"]
[White "Garcia, Raimundo"]
[Black "Giardelli, Sergio C"]
[Result "1-0"]
[WhiteElo "2435"]
[BlackElo "2315"]
[PlyCount "81"]
[EventDate "1978.11.??"]
[Source "www.chesslib.no"]
[SourceDate "2004.05.04"]

1. d4 Nf6 2. c4 e6 3. Nc3 Bb4 4. a3 Bxc3+ 5. bxc3 c5 6. e3 O-O 7. Bd3 d6 8. Ne2 e5 9. e4 h6 10. d5 Qa5 11. a4 Nbd7 12. O-O Re8 13. Ng3 Nf8 14. Bd2 Ng6 15. Ne2 Bd7 16. Qc2 a6 17. Rfb1 Rab8 18. Qb3 Qd8 19. Qb6 Qe7 20. Qa7 Nh4 21. Ng3 Bg4 22. Qb6 Nh7 23. Be2 Bxe2 24. Nxe2 Ng5 25. Bxg5 Qxg5 26. Ng3 g6 27. Qxd6 f5 28. Rb6 f4 29. Qf6 Qxf6 30. Rxf6 b5 31. Nf1 bxc4 32. Nd2 Rb2 33. Nxc4 Re2 34. g3 Nf3+ 35. Kf1 Rc2 36. Rxg6+ Kh7 37. Re6 Rf8 38. Re7+ Kg8 39. Kg2 fxg3 40. hxg3 Nh4+ 41. gxh4 1-0

[Event "Gladsaxe"]
[Site "Gladsaxe"]
[Date "1979.??.??"]
[Round "7"]
[White "Niklasson, Christer"]
[Black "Mortensen, Erling"]
[Result "1-0"]
[WhiteElo "2385"]
[BlackElo "2365"]
[PlyCount "79"]
[EventDate "1979.??.??"]
[Source "ChessBase"]

1. d4 Nf6 2. c4 e6 3. Nc3 Bb4 4. a3 Bxc3+ 5. bxc3 O-O 6. e3 Re8 7. Ne2 e5 8. Ng3 d6 9. Be2 c5 10. O-O Nbd7 11. Qc2 Nf8 12. dxc5 dxc5 13. Rd1 Qe7 14. e4 Ng6 15. Nf1 Nf4 16. g3 Nxe2+ 17. Qxe2 h6 18. Ne3 Be6 19. Nd5 Bxd5 20. cxd5 Rec8 21. a4 Ne8 22. f4 Nd6 23. f5 b6 24. Rf1 f6 25. g4 Kf7 26. h4 Rh8 27. Rf3 Qd7 28. Rg3 Rag8 29. Qf3 Qc8 30. Qe2 Qd7 31. Kg2 Ra8 32. Bd2 a6 33. Kf3 b5 34. Be3 Qc7 35. g5 hxg5 36. hxg5 Rag8 37. Qg2 g6 38. gxf6 Nxe4 39. fxg6+ Kxf6 40. Kxe4 1-0

[Event "Vienna Open"]
[Site "Vienna AUT"]
[Date "1986.??.??"]
[Round "?"]
[White "Borik, Otto"]
[Black "Rigo, Janos"]
[Result "1-0"]
[WhiteElo "2365"]
[BlackElo "2380"]
[PlyCount "67"]
[EventDate "1986.01.??"]
[Source "www.chesslib.no"]
[SourceDate "2004.05.04"]

1. d4 Nf6 2. c4 e6 3. Nc3 Bb4 4. e3 O-O 5. a3 Bxc3+ 6. bxc3 d6 7. Bd3 e5 8. Ne2 Nc6 9. Ng3 Qe7 10. O-O e4 11. Bb1 Na5 12. f3 exf3 13. e4 fxg2 14. Kxg2 Bg4 15. Qc2 Qe6 16. d5 Bh3+ 17. Kh1 Qg4 18. Rf4 Qg6 19. Rh4 Bd7 20. Qg2 Nxe4 21. Bxe4 f5 22. Bc2 Qf6 23. Nh5 Qxc3 24. Qxg7+ Qxg7 25. Nxg7 b5 26. cxb5 Kxg7 27. Bb2+ Kf7 28. Rxh7+ Ke8 29. Re1+ Kd8 30. Bg7 Re8 31. Rxe8+ Bxe8 32. Bxf5 Ke7 33. Bc3+ Bf7 34. Be6 1-0

[Event "Serbia-ch"]
[Site "Kragujevac"]
[Date "2000.02.25"]
[Round "7"]
[White "Popovic, Djordje"]
[Black "Savic, Miodrag1"]
[Result "1-0"]
[WhiteElo "2313"]
[BlackElo "2430"]
[PlyCount "95"]
[EventDate "2000.02.19"]
[Source "www.chesslib.no"]
[SourceDate "2004.05.04"]

1. d4 Nf6 2. c4 e6 3. Nc3 Bb4 4. e3 O-O 5. a3 Bxc3+ 6. bxc3 d6 7. Bd3 e5 8. e4 Re8 9. f3 c5 10. d5 Nh5 11. Ne2 Nd7 12. O-O Nf8 13. Kh1 Ng6 14. g3 Rb8 15. Ra2 Nf6 16. Be3 Bh3 17. Rg1 Bd7 18. Qc1 b5 19. cxb5 Bxb5 20. c4 Ba6 21. Qc3 Re7 22. Raa1 Reb7 23. Rgb1 Rxb1+ 24. Rxb1 Rxb1+ 25. Bxb1 Nd7 26. Bd3 Qb8 27. Qc2 Qb6 28. Bd2 Qd8 29. Kg2 Ne7 30. Nc3 Nb6 31. Qb3 f5 32. exf5 Qc8 33. g4 Nexd5 34. Nxd5 Nxd5 35. cxd5 c4 36. Qb4 cxd3 37. Qxd6 Qc2 38. Qd8+ Kf7 39. Qd7+ Kf8 40. Qd8+ Kf7 41. Qa5 Bb7 42. Kg3 g6 43. Bc3 gxf5 44. Qc7+ Kg6 45. gxf5+ Kh6 46. Qxe5 Kh5 47. Qg7 Qc1 48. Qg4+ 1-0

[Event "SWE-ch"]
[Site "Degerfors"]
[Date "1978.??.??"]
[Round "?"]
[White "Niklasson, Christer"]
[Black "Jansson, Borje"]
[Result "1-0"]
[WhiteElo "2340"]
[BlackElo "2395"]
[PlyCount "53"]
[EventDate "1978.07.??"]
[Source "ChessBase"]

1. d4 Nf6 2. c4 e6 3. Nc3 Bb4 4. a3 Bxc3+ 5. bxc3 O-O 6. e3 b6 7. Ne2 Ba6 8. Ng3 d5 9. Be2 c5 10. cxd5 Bxe2 11. Qxe2 exd5 12. O-O Nc6 13. f3 Re8 14. Bb2 h5 15. Rae1 Qd7 16. Qd3 h4 17. Nh1 Rad8 18. Nf2 Qe6 19. Ba1 Nh5 20. e4 f5 21. Qd2 Nf6 22. e5 Nh7 23. Nh3 Ne7 24. dxc5 bxc5 25. Qf2 c4 26. Qxh4 Rb8 27. Qxh7+ 1-0

[Event "Lone Pine"]
[Site "Lone Pine"]
[Date "1977.??.??"]
[Round "7"]
[White "Szabo, Laszlo"]
[Black "Ervin, Roy C"]
[Result "1/2-1/2"]
[WhiteElo "2530"]
[BlackElo "2200"]
[PlyCount "77"]
[EventDate "1977.03.??"]
[Source "ChessBase"]

1. d4 Nf6 2. c4 e6 3. Nc3 Bb4 4. e3 O-O 5. a3 Bxc3+ 6. bxc3 b6 7. Ne2 Nc6 8. Ng3 e5 9. Bd3 Re8 10. O-O e4 11. Be2 Ba6 12. f3 exf3 13. Rxf3 Na5 14. Bd3 d5 15. cxd5 Bxd3 16. Qxd3 Qxd5 17. Rxf6 gxf6 18. e4 Qe6 19. Bf4 Kh8 20. Rf1 c6 21. d5 cxd5 22. exd5 Rad8 23. c4 Nxc4 24. Qxc4 Qxd5 25. Qc1 Qd4+ 26. Kh1 Rc8 27. Qb1 Rc3 28. Qa2 Qc4 29. Qa1 Qc6 30. Bd2 Rxg3 31. hxg3 Re2 32. Qxf6+ Qxf6 33. Rxf6 Rxd2 34. Rxf7 a6 35. Ra7 a5 36. Rb7 Rb2 37. a4 Rb4 38. g4 Kg8 39. Kh2 1/2-1/2

[Event "2. Regina Helena Marques Prol"]
[Site "Santos"]
[Date "2004.08.06"]
[Round "7.3"]
[White "Santos, Marcus Vinicius M"]
[Black "Rosito, Jorge"]
[Result "1-0"]
[WhiteElo "2305"]
[BlackElo "2424"]
[PlyCount "63"]
[EventDate "2004.07.31"]
[Source "Roberto Alvarez"]
[SourceDate "2004.08.30"]

1. d4 Nf6 2. c4 e6 3. Nc3 Bb4 4. e3 c5 5. a3 Bxc3+ 6. bxc3 O-O 7. Bd3 d5 8. cxd5 Qxd5 9. Nf3 b6 10. c4 Qc6 11. Bb2 Nbd7 12. Qc2 Bb7 13. O-O-O cxd4 14. exd4 h6 15. Rhe1 Rac8 16. Kb1 b5 17. d5 Qb6 18. dxe6 fxe6 19. Bh7+ Nxh7 20. Rxd7 Rc7 21. c5 Qc6 22. Ne5 Rxd7 23. Nxc6 Bxc6 24. Rxe6 Bxg2 25. c6 Rdf7 26. Rxh6 Ng5 27. Rh4 Bh3 28. Rxh3 Nxh3 29. c7 Rc8 30. Be5 Nxf2 31. Qb3 Re8 32. Qe6 1-0

[Event "Helsinki op1"]
[Site "Helsinki FIN"]
[Date "1990.??.??"]
[Round "3"]
[White "Kanko, Ilkka"]
[Black "Veingold, Aleksandr"]
[Result "0-1"]
[WhiteElo "2290"]
[BlackElo "2435"]
[PlyCount "80"]
[EventDate "1990.??.??"]
[Source "www.chesslib.no"]
[SourceDate "2004.05.04"]

1. d4 Nf6 2. c4 e6 3. Nc3 Bb4 4. e3 O-O 5. a3 Bxc3+ 6. bxc3 d6 7. Bd3 e5 8. Ne2 e4 9. Bc2 b6 10. Ng3 Re8 11. f3 Ba6 12. Nxe4 Nxe4 13. Bxe4 Rxe4 14. fxe4 Qh4+ 15. g3 Qxe4 16. O-O Bb7 17. d5 Qxc4 18. e4 Nd7 19. Qd4 Ba6 20. Re1 Ne5 21. Qxc4 Bxc4 22. Re3 Rf8 23. a4 a5 24. Ba3 f5 25. Rd1 Bb3 26. Rd4 fxe4 27. Rexe4 Nf3+ 28. Kg2 Nxd4 29. Rxd4 Rf5 30. c4 Bxa4 31. c5 Bb3 32. cxd6 cxd6 33. Bxd6 Bxd5+ 34. Kg1 Bb3 35. Bc7 a4 36. Bxb6 a3 37. Rd8+ Kf7 38. Bd4 a2 39. Rd7+ Ke6 40. Rxg7 Rd5 0-1

[Event "It (open)"]
[Site "Balatonlelle (Hungary)"]
[Date "2007.06.16"]
[Round "1"]
[White "Gonda Laszlo (HUN)"]
[Black "Eperjesi Laszlo Dr (HUN)"]
[Result "1-0"]
[WhiteElo "2501"]
[BlackElo "2223"]
[PlyCount "65"]
[EventDate "2007.??.??"]
[Source "www.chesslib.no"]
[SourceDate "2004.05.04"]

1. d4 Nf6 2. c4 e6 3. Nc3 Bb4 4. e3 O-O 5. a3 Bxc3+ 6. bxc3 d6 7. Bd3 e5 8. Ne2 e4 9. Bc2 c6 10. Ng3 Be6 11. Nxe4 Nxe4 12. Bxe4 Bxc4 13. Qc2 h6 14. Bd3 Bxd3 15. Qxd3 d5 16. O-O Nd7 17. c4 Nb6 18. c5 Nc4 19. e4 b5 20. e5 a5 21. f4 f5 22. Ra2 Qd7 23. g4 g6 24. Rg2 Kh7 25. h4 Qe6 26. h5 Ra7 27. hxg6+ Qxg6 28. Rf3 b4 29. axb4 axb4 30. Qb1 Rg7 31. Rh3 Kg8 32. g5 Rb8 33. Rxh6 1-0

[Event "Moscow-B"]
[Site "Moscow"]
[Date "1985.??.??"]
[Round "?"]
[White "Lerner, Konstantin Z"]
[Black "Briffel, Francisco"]
[Result "1-0"]
[WhiteElo "2520"]
[BlackElo "2200"]
[PlyCount "55"]
[EventDate "1985.04.??"]
[Source "ChessBase"]

1. d4 Nf6 2. c4 e6 3. Nc3 Bb4 4. e3 O-O 5. Bd3 c5 6. a3 Bxc3+ 7. bxc3 d6 8. Ne2 e5 9. e4 Nc6 10. d5 Ne7 11. f3 Ne8 12. g4 Ng6 13. O-O Nh4 14. Ng3 g5 15. Nf5 Nxf5 16. gxf5 f6 17. Ra2 Ng7 18. h4 h6 19. Rh2 Kf7 20. Kf2 Bd7 21. hxg5 hxg5 22. Rfh1 Qa5 23. Rh7 Ba4 24. Qe2 Rg8 25. f4 Raf8 26. fxg5 fxg5 27. Qh5+ Ke7 28. Qxg5+ 1-0

[Event "CRO Team Ch"]
[Site "Makarska Tucepi"]
[Date "1995.??.??"]
[Round "?"]
[White "Markotic, Gordan"]
[Black "Zelic, Zdravko"]
[Result "1/2-1/2"]
[WhiteElo "2335"]
[BlackElo "2385"]
[PlyCount "100"]
[EventDate "1995.??.??"]
[Source "www.chesslib.no"]
[SourceDate "2004.05.04"]

1. d4 Nf6 2. c4 e6 3. Nc3 Bb4 4. e3 O-O 5. a3 Bxc3+ 6. bxc3 c5 7. Bd3 b6 8. e4 Ne8 9. Qh5 Nc6 10. Nf3 d6 11. d5 exd5 12. cxd5 c4 13. Bc2 Ne7 14. Nd4 Nf6 15. Qd1 Ng6 16. Bg5 Bd7 17. O-O h6 18. Bd2 Re8 19. f3 Qc7 20. Ba4 Ne5 21. Bxd7 Qxd7 22. Nf5 Nd3 23. g4 h5 24. h3 g6 25. Nh6+ Kh7 26. Bg5 Ng8 27. Nxg8 Rxg8 28. Bf6 g5 29. Ra2 Rg6 30. Bd4 Rag8 31. Rh2 Rh6 32. Qd2 f6 33. Ra1 Kg6 34. Rf1 Kf7 35. Be3 Rgh8 36. f4 gxf4 37. Bxf4 Nxf4 38. Rxf4 hxg4 39. Rhf2 g3 40. Rxf6+ Rxf6 41. Rxf6+ Kxf6 42. Qd4+ Kg5 43. Qxh8 Qb5 44. Qg7+ Kf4 45. Qg4+ Ke3 46. Qxg3+ Kxe4 47. Qg4+ Ke3 48. Qd4+ Kf3 49. Qg4+ Ke3 50. Qd4+ Kf3 1/2-1/2

[Event "Copenhagen Open"]
[Site "Copenhagen DEN"]
[Date "1986.??.??"]
[Round "2"]
[White "Polgar, Zsuzsa"]
[Black "Stigar, Petter"]
[Result "1-0"]
[WhiteElo "2400"]
[BlackElo "2300"]
[PlyCount "45"]
[EventDate "1986.06.??"]
[Source "www.chesslib.no"]
[SourceDate "2004.05.04"]

1. d4 Nf6 2. c4 e6 3. Nc3 Bb4 4. a3 Bxc3+ 5. bxc3 O-O 6. e3 c5 7. Ne2 Nc6 8. Ng3 b6 9. e4 Ne8 10. d5 Na5 11. Bd3 Ba6 12. Qe2 Qh4 13. O-O Nd6 14. e5 Ndxc4 15. Nh5 Nb3 16. g3 Qh3 17. Nf4 Qh6 18. Bxc4 Bxc4 19. Qxc4 Nxa1 20. Nxe6 Qg6 21. Nxf8 Rxf8 22. Bb2 Nc2 23. Rc1 1-0

[Event "StL-B-West 2002/03"]
[Site "Hohenems"]
[Date "2003.02.01"]
[Round "8.1"]
[White "Dobos, Jozsef"]
[Black "Kelecevic, Nedeljko"]
[Result "1-0"]
[WhiteElo "2311"]
[BlackElo "2388"]
[PlyCount "99"]
[EventDate "2003.01.31"]
[Source "Roberto Alvarez"]
[SourceDate "2003.03.03"]

1. d4 Nf6 2. c4 e6 3. Nc3 Bb4 4. e3 O-O 5. a3 Bxc3+ 6. bxc3 d6 7. Ne2 b6 8. Ng3 Bb7 9. Bd3 d5 10. cxd5 exd5 11. f3 c5 12. O-O cxd4 13. cxd4 Re8 14. Ra2 Nc6 15. Re2 Na5 16. Kh1 Rc8 17. e4 dxe4 18. fxe4 Rxc1 19. Qxc1 Nb3 20. Qb2 Nxd4 21. Rd2 Ng4 22. Be2 Nxe2 23. Rxd8 Nxg3+ 24. hxg3 Rxd8 25. Qb3 Rf8 26. Qa4 h5 27. Qxa7 Bxe4 28. Qxb6 Rc8 29. Qb3 Bg6 30. a4 Re8 31. a5 Re2 32. a6 Kh7 33. Qc4 Rc2 34. Qd4 Ra2 35. a7 f6 36. Ra1 Rxa1+ 37. Qxa1 Be4 38. a8=Q Bxa8 39. Qxa8 Kh6 40. Kg1 Ne5 41. Kf2 Kg5 42. Qa4 Nd3+ 43. Kf3 Ne5+ 44. Ke3 Ng4+ 45. Ke4 Ne5 46. Kd5 Kg6 47. Ke6 Ng4 48. Qe8+ Kh6 49. Kf7 Ne5+ 50. Kg8 1-0

[Event "Kiev (Ukraine)"]
[Site "?"]
[Date "1967.??.??"]
[Round "?"]
[White "Rotshtein Efim"]
[Black "Zakharchenko Arnold"]
[Result "1-0"]
[WhiteElo "2374"]
[BlackElo "2302"]
[PlyCount "101"]
[EventDate "1967.??.??"]
[Source "www.chesslib.no"]
[SourceDate "2004.05.04"]

1. d4 Nf6 2. c4 e6 3. Nc3 Bb4 4. e3 c5 5. Bd3 O-O 6. a3 Bxc3+ 7. bxc3 d5 8. Ne2 b6 9. cxd5 exd5 10. O-O Ba6 11. dxc5 bxc5 12. Bxa6 Nxa6 13. c4 dxc4 14. Qa4 Qb6 15. Qxc4 Rfd8 16. Ra2 Qe6 17. Qxe6 fxe6 18. Rc2 Rab8 19. f3 Rb3 20. e4 Kf7 21. Rc4 Rdd3 22. Ra4 Rb6 23. Bf4 Ke8 24. Rc1 Kd7 25. Kf2 Kc6 26. Ra5 Kb7 27. Rc2 Rbb3 28. Bc1 Nd7 29. e5 Nxe5 30. Bb2 Nc6 31. Ra4 Rd7 32. Rh4 g6 33. Re4 e5 34. Nc1 Rb5 35. Bxe5 Nxe5 36. Rxe5 Rb1 37. Re3 Rc7 38. Nb3 Rd1 39. Re6 Rd3 40. Na5+ Kc8 41. Rxa6 Rxa3 42. Rc4 Kd7 43. Kg3 Ra2 44. h4 Kc8 45. Rf4 c4 46. Rf8+ Kd7 47. Rf7+ Kc8 48. Rxc7+ Kxc7 49. Rc6+ Kd7 50. Rc5 c3 51. Nb3 1-0

[Event "Bucharest schev"]
[Site "Bucharest ROM"]
[Date "1993.??.??"]
[Round "?"]
[White "Florescu, Codrut"]
[Black "Botvinnik, Ilia"]
[Result "1-0"]
[WhiteElo "2280"]
[BlackElo "2395"]
[PlyCount "93"]
[EventDate "1993.??.??"]
[Source "www.chesslib.no"]
[SourceDate "2004.05.04"]

1. d4 Nf6 2. c4 e6 3. Nc3 Bb4 4. e3 O-O 5. Bd3 c5 6. a3 Bxc3+ 7. bxc3 b6 8. e4 Bb7 9. Qc2 h6 10. Ne2 Nc6 11. Rg1 cxd4 12. cxd4 d5 13. cxd5 exd5 14. e5 Ne4 15. f3 Ng5 16. Be3 f6 17. Bxg5 fxg5 18. Qd1 Ne7 19. Qa4 Bc8 20. Rc1 Bf5 21. Ba6 Rb8 22. Nc3 g4 23. Nb5 gxf3 24. gxf3 Ng6 25. Qd1 Qh4+ 26. Kd2 Nf4 27. Nd6 Ne6 28. Kc3 Qf4 29. Rg2 Qe3+ 30. Kb2 Nxd4 31. Rc3 Qxe5 32. Nxf5 Rxf5 33. Rd2 Nxf3 34. Rxd5 Qf6 35. Rxf5 Qxf5 36. Qxf3 Qe6 37. Qg3 Re8 38. Qe5 Kh8 39. Qxe6 Rxe6 40. Bd3 g5 41. Rc7 Re3 42. Kc3 Rh3 43. Rxa7 Rxh2 44. Rb7 g4 45. Rxb6 h5 46. a4 g3 47. Rh6+ 1-0

[Event "CXSP - Categoria Especial"]
[Site "Sao Paulo"]
[Date "2004.??.??"]
[Round "9"]
[White "Santos, Marcus Vinicius M"]
[Black "De Souza, Mauro Guimaraes"]
[Result "0-1"]
[WhiteElo "2311"]
[BlackElo "2362"]
[PlyCount "100"]
[EventDate "2004.01.07"]
[Source "Roberto Alvarez"]
[SourceDate "2004.01.19"]

1. d4 Nf6 2. c4 e6 3. Nc3 Bb4 4. e3 O-O 5. a3 Bxc3+ 6. bxc3 b6 7. Bd3 Bb7 8. f3 Nc6 9. Ne2 Ba6 10. O-O Na5 11. e4 Ne8 12. f4 f5 13. e5 Bxc4 14. Bxc4 Nxc4 15. d5 Qe7 16. dxe6 dxe6 17. Nd4 c5 18. Nf3 Rd8 19. Qe2 Na5 20. Be3 Qb7 21. Bf2 Qe4 22. Qxe4 fxe4 23. Ng5 Nc7 24. g3 Nb3 25. Ra2 Nd2 26. Re1 Rd3 27. Be3 Nc4 28. Rae2 Nd5 29. Bc1 Nxc3 30. Rc2 Re8 31. Nxe4 Nxe4 32. Rxc4 Nd2 33. Bxd2 Rxd2 34. Ra4 Re7 35. g4 Red7 36. Rf1 g6 37. Rf2 a5 38. Re4 b5 39. f5 Rxf2 40. Kxf2 gxf5 41. gxf5 exf5 42. Rf4 Kf7 43. Rxf5+ Ke6 44. Rh5 b4 45. axb4 axb4 46. Ke3 b3 47. Rh6+ Kxe5 48. Rh5+ Kd6 49. Kd3 Rb7 50. Rh6+ Ke5 0-1

[Event "DEN-chB"]
[Site "Denmark"]
[Date "1991.??.??"]
[Round "3"]
[White "Hansen, Sune Berg"]
[Black "Vinther-Schou, Uffe V"]
[Result "1-0"]
[WhiteElo "2355"]
[BlackElo "2310"]
[PlyCount "63"]
[EventDate "1991.03.??"]
[Source "www.chesslib.no"]
[SourceDate "2004.05.04"]

1. d4 Nf6 2. c4 e6 3. Nc3 Bb4 4. e3 b6 5. Bd3 Bb7 6. f3 O-O 7. Nge2 c5 8. a3 Bxc3+ 9. bxc3 d6 10. e4 Nbd7 11. O-O Re8 12. Ng3 cxd4 13. cxd4 e5 14. Nf5 Qc7 15. Be3 Nf8 16. Bg5 Bc8 17. Bxf6 gxf6 18. Ne3 Ne6 19. Nd5 Qd8 20. f4 Nxd4 21. fxe5 Rxe5 22. Nxf6+ Kh8 23. Qe1 Bf5 24. Qc3 Qxf6 25. Qxd4 Rg8 26. Qf2 Qh6 27. exf5 Re3 28. Be2 Rh3 29. Qd4+ f6 30. Qf4 Rg5 31. Kh1 Rhg3 32. Rf2 1-0